| 000 | 00730nam a2200229Ia 4500 | ||
|---|---|---|---|
| 001 | 1659 | ||
| 003 | GE_BSU | ||
| 008 | 181216s||||||||xx |||||||||||||| ||und|| | ||
| 020 | _a9789941904318 | ||
| 040 | _cGE_BSU | ||
| 080 | _a681.3(075.8) | ||
| 100 | _aზაქარაია, მზევინარ | ||
| 245 | _aინფორმაციის საბაზო კურსი. | ||
| 260 | _aქუთაისი | ||
| 260 | _bაკ. წერეთლის სახუნ–ტი | ||
| 260 | _c2008 | ||
| 300 | _a112 გვ. 19 სმ. | ||
| 541 | _h5 ლ. | ||
| 653 | _aინფორმატიკის საბაზო კურსი | ||
| 653 | _aპრაქტიკუმი | ||
| 942 | _cBK | ||
| 999 |
_c35776 _d35776 |
||